000 nam a22 7a 4500
999 _c8483
_d8483
008 180117b ||||| |||| 00| 0 eng d
100 _aPhansakar.S.
_94876
245 _aTreasures of Life
260 _aNew Delhi
_bJeevandeep
_c2005